|
|
|
|
| LEADER |
00000cam a2200000 7i4500 |
| 001 |
0000002329 |
| 005 |
20030527.0 |
| 020 |
0 |
0 |
|a 9024733928
|
| 090 |
0 |
0 |
|a 634.9028
|b SEM 1986
|
| 110 |
1 |
0 |
|a SEMINAR on the Practical Application of Remote Sensing in Forestry
|k 1985
|j Jönköping, Sweden
|
| 245 |
1 |
0 |
|a Practical application of remote sensing in forestry :
|b proceedings of a seminar on the practical application of remote sensing in forestry, Jönköping, May 1985, under the auspices of the Joint FAO/ECE Working Party on Forest Economics and Statistics and the Swedish National Board of Forestry under the Ministry of Agriculture
|c edited by Sune Sohlberg, Viatcheslav E. Sokolov
|
| 260 |
0 |
0 |
|a Dordrecht; Boston :
|b M. Nijhoff ,
|c 1986
|
| 300 |
|
|
|a xvii, 205 p. :
|b ill. (some col.) ;
|c 25 cm.
|
| 440 |
0 |
0 |
|a Forestry sciences
|
| 500 |
0 |
0 |
|a Includes bibliographies
|
| 650 |
0 |
0 |
|a Forests and forestry
|x Remote sensing
|x Congresses
|
| 700 |
0 |
1 |
|a Sohlberg
|h Sune
|
| 700 |
0 |
1 |
|a Sokolov
|h Viatcheslav E.
|
| 998 |
|
|
|a JPSM
|
| 999 |
|
|
|a 0000004132
|b Monograph
|c Open Shelf
|e Default branch
|